书目信息 |
| 题名: |
室内装饰材料与施工
|
|
| 作者: | 苗壮 , 刘静波 编著 | |
| 分册: | ||
| 出版信息: | 哈尔滨 哈尔滨工业大学出版社 2000.05 |
|
| 页数: | 156页 | |
| 开本: | 26cm | |
| 丛书名: | ||
| 单 册: | ||
| 中图分类: | TU767 | |
| 科图分类: | ||
| 主题词: | 建筑工程--工程施工 | |
| 电子资源: | ||
| ISBN: | 7-5603-1463-5 | |
| 000 | 00639nam0 2200205 45 | |
| 001 | 8061334947 | |
| 005 | 1980011117021436 | |
| 010 | @a7-5603-1463-5@dRMB 14.80 | |
| 100 | @a19800111d2000 km y0chiy0120 ea | |
| 101 | 0 | @achi |
| 102 | @aCN@b230000 | |
| 200 | 1 | @a室内装饰材料与施工@Ashi nei zhuang shi cai liao yu shi gong@f苗壮,刘静波编著@FMiao Zhuang,Liu Jing Bo Bian Zhu |
| 210 | @a哈尔滨@c哈尔滨工业大学出版社@d2000.05 | |
| 215 | @a156页@d26cm | |
| 606 | 0 | @a建筑工程@x工程施工 |
| 690 | @aTU767@v3 | |
| 701 | 0 | @a苗壮@AMiao Zhuang@4编著 |
| 701 | 0 | @a刘静波@ALiu Jing Bo@4编著 |
| 801 | 0 | @aCN@bPFT@c19800111 |
| 905 | @a10447@dTU767@eM736 | |
| 室内装饰材料与施工/苗壮,刘静波编著.-哈尔滨:哈尔滨工业大学出版社,2000.05 |
| 156页;26cm |
| ISBN 7-5603-1463-5:RMB 14.80 |
| ● |
| 相关链接 |
|
|
|
正题名:室内装饰材料与施工
索取号:TU767/M736
 
预约/预借
| 序号 | 登录号 | 条形码 | 馆藏地/架位号 | 状态 | 备注 |
| 1 | 370141 | 203701413 | 建筑库201/201建筑库 76排2列3层/ [索取号:TU767/M736] | 在馆 | |
| 2 | 370142 | 203701422 | 建筑库201/201建筑库 76排2列3层/ [索取号:TU767/M736] | 在馆 | |
| 3 | 370143 | 203701431 | 建筑库201/201建筑库 76排2列3层/ [索取号:TU767/M736] | 在馆 |